000
00196nam a2200109Ia 4500
100
_a
#N/A
942
_c
BK
654
_a
Mindware
245
_a
Mindware
260
_b
#N/A
_c
2003
546
_a
ENGLISH
999
_c
21581
_d
21581